000 00912cam a22002893a 4500
001 18410
003 PGUSA
005 20140828083407.0
008 060517s2006||||xxu|||||s|||||000 1 eng d
040 _aPGUSA
_beng
042 _adc
050 4 _aPS
100 1 _aMaugham, W. Somerset
_q(William Somerset),
_d1874-1965
245 1 4 _aThe Canadian :
_bPhotoplay title of The Land of Promise
_h[electronic resource] /
_cW. Somerset Maugham
260 _bProject Gutenberg,
_c2006
500 _a"a novelization of W. Somerset Maugham's play"
506 _aPublic domain in the USA.
516 _aElectronic text
653 _aFarm life -- Fiction
653 _aHusband and wife -- Fiction
653 _aAttitude change -- Fiction
653 _aCanada -- Fiction
740 0 _aThe Land of Promise
830 0 _aProject Gutenberg
_v18410
856 4 0 _uhttp://www.gutenberg.org/ebooks/18410
942 _cEB
999 _c247665
_d247665